La reforma concursal sobre cooperativas de trabajo (Registro nro. 11700)
[ vista simple ]
| 000 -LEADER | |
|---|---|
| fixed length control field | 00311 a2200109 4500 |
| 001 - CONTROL NUMBER | |
| control field | ART_7173 |
| 005 - DATE AND TIME OF LATEST TRANSACTION | |
| control field | 20260410161623.0 |
| 008 - FIXED-LENGTH DATA ELEMENTS--GENERAL INFORMATION | |
| fixed length control field | 260409a |
| 100 1# - MAIN ENTRY--PERSONAL NAME | |
| Personal name | Gebhardt, Jorge |
| 245 10 - TITLE STATEMENT | |
| Title | La reforma concursal sobre cooperativas de trabajo |
| 773 0# - HOST ITEM ENTRY | |
| Title | Enfoques |
| Related parts | - Nº 7 (jul. 2011) |
| Record control number | REV416 |
No hay ítems disponibles.